000
00303nam a22001217a 4500
082
_a
510
_b
DEE/D
100
_a
DEEPA NOTES
245
_a
SELF-STUDY MATERIAL ON MATHEMATICS PART II
_b
CLASS XII
260
_a
DELHI
_b
DEEPA & COMPANY
_c
2007
300
_a
426
650
_a
MATHS FOR CLASS XII
_z
INDIA
942
_c
BK
999
_c
654
_d
654